000
00225nam a2200097Ia 4500
008
240331s9999 xx 000 0 und d
082
_b
STA
100
_a
Stamp, P
245
0
_a
Technology, gender, and power in Africa
942
_c
L
999
_c
2660
_d
2660